| 000 | 00000nam 2200000zi 4500 |
| 001 | 9.933807 |
| 003 | CaOODSP |
| 005 | 20240212161112 |
| 006 | m o d f |
| 007 | cr cn||||||||| |
| 008 | 240212e201512 quc ob f000 0 fre d |
| 040 | |aCaOODSP|bfre|erda|cCaOODSP |
| 043 | |an-cn--- |
| 086 | 1 |aEn4-633/2015F-PDF |
| 245 | 00|aÉvaluation du Programme de réglementation de la qualité de l’air (PRQA) du Canada : |brapport final / |cDirection générale de la vérification et de l’évaluation. |
| 246 | 17|aÉvaluation du PRQA |
| 264 | 1|a[Gatineau QC] : |bEnvironnement et changement climatique Canada = Environment and Climate Change Canada, |cdécembre 2015. |
| 300 | |a1 ressource en ligne (59 pages) |
| 336 | |atexte|btxt|2rdacontent/fre |
| 337 | |ainformatique|bc|2rdamedia/fre |
| 338 | |aressource en ligne|bcr|2rdacarrier/fre |
| 500 | |aPublié aussi en anglais sous le titre : Evaluation of Canada's Clean Air Regulatory Agenda (CARA) : final report. |
| 504 | |aComprend des références bibliographiques. |
| 610 | 16|aCanada. |bEnvironnement et changement climatique Canada|xÉvaluation. |
| 650 | 6|aAir|xQualité|xGestion|zCanada|xÉvaluation. |
| 650 | 6|aAir|xPollution|xPolitique gouvernementale|zCanada. |
| 650 | 6|aGaz à effet de serre|xRéduction|zCanada|xÉvaluation. |
| 650 | 6|aGaz carbonique|xRéduction|zCanada|xÉvaluation. |
| 710 | 1 |aCanada. |bEnvironnement et changement climatique Canada, |eorganisme de publication. |
| 775 | 08|tEvaluation of Canada's Clean Air Regulatory Agenda (CARA) : |w(CaOODSP)9.932201 |
| 856 | 40|qPDF|s1.04 Mo|uhttps://publications.gc.ca/collections/collection_2024/eccc/en4/En4-633-2015-fra.pdf |
| 856 | 4 |qHTML|sS.O.|uhttps://www.canada.ca/fr/environnement-changement-climatique/organisation/transparence/priorites-gestion/evaluations/reglementation-qualite-air.html |